[Event "Taastrup Winter 2nd Nederste"]
[Site "Taastrup"]
[Date "2017.02.09"]
[Round "7"]
[White "Jensen, Werner"]
[Black "Falkenberg, Rasmus"]
[Result "1-0"]
[WhiteElo "1347"]
[BlackElo "1297"]
[PlyCount "79"]
[EventDate "2016.11.11"]
[EventType "swiss"]
[EventRounds "9"]
[EventCountry "DEN"]
[SourceTitle "EXT 2024"]
[Source "ChessBase"]
[SourceDate "2023.10.10"]
[SourceVersion "1"]
[SourceVersionDate "2023.10.10"]
[SourceQuality "1"]

1. e4 e5 2. Bc4 Nf6 3. d3 h6 4. Nc3 Bc5 5. Nf3 0-0 6. 0-0 c6 7. Nxe5 d5 8. exd5 cxd5 9. Bb3 Qd6 10. d4 Nc6 11. Nxc6 Ng4 12. g3 bxc6 13. dxc5 Qxc5 14. Kg2 h5 15. h3 Ba6 16. hxg4 Bxf1+ 17. Kxf1 d4 18. Ne4 Qb5+ 19. Kg2 a5 20. a4 Qe5 21. Qd3 Rfe8 22. gxh5 Qxe4+ 23. Qxe4 Rxe4 24. Bf4 g6 25. hxg6 Kg7 26. gxf7 Rf8 27. Kf3 Re7 28. Kg2 Rd7 29. Be5+ Kg6 30. Bf4 c5 31. Be6 Ra7 32. Bd6 Rfxf7 33. Bxf7+ Kxf7 34. Bxc5 Rc7 35. Bxd4 Rxc2 36. Rb1 Rc4 37. Bc3 Rxa4 38. b3 Ra2 39. Rb2 Ra3 40. Bd4 1-0

[Event "Taastrup Winter 2nd Nederste"]
[Site "Taastrup"]
[Date "2017.01.25"]
[Round "6"]
[White "Madsen, Ole Bang"]
[Black "Jensen, Werner"]
[Result "1-0"]
[WhiteElo "1459"]
[BlackElo "1347"]
[PlyCount "90"]
[EventDate "2016.11.11"]
[EventType "swiss"]
[EventRounds "9"]
[EventCountry "DEN"]
[SourceTitle "EXT 2024"]
[Source "ChessBase"]
[SourceDate "2023.10.10"]
[SourceVersion "1"]
[SourceVersionDate "2023.10.10"]
[SourceQuality "1"]

1. e4 c5 2. Nf3 d6 3. Bc4 e6 4. 0-0 Nf6 5. Nc3 a6 6. d4 cxd4 7. Nxd4 Nc6 8. Nde2 b5 9. Bd3 e5 10. a3 Rb8 11. b4 Be7 12. Ng3 0-0 13. Nce2 Bg4 14. h3 Be6 15. Kh2 Qb6 16. Be3 Qc7 17. Rc1 Qd7 18. f4 exf4 19. Nxf4 h6 20. Nxe6 fxe6 21. Nh5 e5 22. Qe2 Qe8 23. Ng3 Nh7 24. Rxf8+ Bxf8 25. c4 Kh8 26. cxb5 Nd4 27. Bxd4 exd4 28. bxa6 Qa4 29. Qb2 Ra8 30. Rc4 Qxa6 31. Rxd4 Qxa3 32. Qxa3 Rxa3 33. b5 Rb3 34. Nf5 g6 35. Nxd6 Bg7 36. Rd5 Nf6 37. Nf7+ Kh7 38. Rd6 Kg8 39. Bc4 Rxb5 40. Rd8+ Kh7 41. Bxb5 Nxe4 42. Bd3 Nc5 43. Bc2 Ne6 44. Rd6 Nf4 45. g3 h5 1-0

[Event "Taastrup Spil Naar Vil 11"]
[Site "Taastrup"]
[Date "2016.04.14"]
[Round "2"]
[White "Jensen, Werner"]
[Black "Pedersen, Ole"]
[Result "0-1"]
[WhiteElo "1367"]
[BlackElo "1529"]
[PlyCount "70"]
[EventDate "2016.03.31"]
[EventType "swiss"]
[EventRounds "7"]
[EventCountry "DEN"]
[SourceTitle "EXT 2024"]
[Source "ChessBase"]
[SourceDate "2023.10.10"]
[SourceVersion "1"]
[SourceVersionDate "2023.10.10"]
[SourceQuality "1"]

1. e4 c5 2. Nf3 Nc6 3. c3 d5 4. exd5 Qxd5 5. c4 Qe4+ 6. Be2 Nd4 7. d3 Nxf3+ 8. gxf3 Qe5 9. Nc3 b6 10. Qc2 g6 11. Bd2 Bg7 12. 0-0-0 Nf6 13. f4 Qf5 14. Bf3 Rb8 15. Rde1 Bb7 16. Bxb7 Rxb7 17. Kb1 Nh5 18. Re4 0-0 19. Nd5 e6 20. Ne3 Qh3 21. Nf1 Qg2 22. Qc1 Qxh1 23. Ng3 Qxc1+ 24. Bxc1 Nxg3 25. fxg3 Rd8 26. Kc2 Rbd7 27. Re3 a6 28. h4 h5 29. b3 b5 30. cxb5 axb5 31. Kd2 c4 32. bxc4 bxc4 33. Ke2 Rxd3 34. Rxd3 Rxd3 35. Kf2 Rd1 0-1

[Event "Taastrup-ch Seniors 9th"]
[Site "Taastrup"]
[Date "2015.09.10"]
[Round "1"]
[White "Jensen, Werner"]
[Black "Meldal, Peter"]
[Result "0-1"]
[WhiteElo "1390"]
[BlackElo "1482"]
[PlyCount "68"]
[EventDate "2015.09.10"]
[EventType "swiss"]
[EventRounds "5"]
[EventCountry "DEN"]
[SourceTitle "EXT 2024"]
[Source "ChessBase"]
[SourceDate "2023.10.10"]
[SourceVersion "1"]
[SourceVersionDate "2023.10.10"]
[SourceQuality "1"]

1. e4 e5 2. Bc4 Nf6 3. d3 Be7 4. Bg5 d6 5. Nc3 c6 6. a3 Nbd7 7. Nf3 h6 8. Bxf6 Nxf6 9. h3 0-0 10. 0-0 a6 11. a4 Bd7 12. Kh1 Qc8 13. g4 h5 14. Nh2 hxg4 15. hxg4 Nxg4 16. Nxg4 Bxg4 17. f3 Bh5 18. Kg2 Qd8 19. Rh1 Bh4 20. Kf1 Qf6 21. Rh3 g5 22. Kg2 Kg7 23. Qe2 Qd8 24. Rg1 f5 25. Kh1 Kh7 26. Qg2 Bg6 27. Rxh4+ Kg7 28. Rh3 Rh8 29. Kh2 Qe7 30. Qxg5 Rxh3+ 31. Kxh3 Rh8+ 32. Qh4 Qxh4+ 33. Kg2 Qh2+ 34. Kf1 Rh3 0-1